00747nam a2200205 450000500170000001000150001702000260003203500140005803700090007208200130008110000230009424500520011725000060016926000510017527000880022630000250031494200270033999900190036695201560038520250626162313.0 aENG-145589 a9788123416784c250.00 aEN-129121 bDBAD a270.221 aD. Gnanaiah982393 aIslam and India:bA Rational View/cD. Gnanaiah a1 aChennaibNew Century Book House (P) Ltd.c2009 a41-B, SIDCO Industrial Estate, AmbatturbChennaie600050k04426251968minfo@ncbh.in axxv, 468p.c21cm(pb) 2ddccENh270.2mGNAe1 c211974d211974 001040708NFICaZLSbZLSd2025-06-26eDelivery of Books Act Divisiong250.00l0o270.2 GNApEN-129121r2025-06-26 00:00:00t1v250.00w2025-06-26yEN